000
00310nam a2200133Ia 4500
008
150301s2015 xx 000 0 und d
082
_a
615.19
_b
P12V
100
_a
VYAS, S.P
245
_a
PHARMACEUTICAL BIOTECHNOLOGY
260
_b
CBS- DELHI
300
_a
674
650
_a
BIOTECHNOLOGY
942
_2
ddc
_c
BK
_0
9
999
_c
7272
_d
7272